00353nam a2200133Ia 4500008004100000041000800041082001700049100001700066245005200083250001400135260003500149300002600184365000900210240624s9999 xx 000 0 und d aeng a658.304 FAL  aFALCONE PAUL a101 TOUGH CONVERSATIONS TO HAVE WITH EMPLOYEES  a(2nd ed.) c2019aNew YorkbHarper Collins axxii,361P. : 23 ; cm. cb33